[Event "SLO-ch U14 Girls"]
[Site "Murska Sobota"]
[Date "2006.03.02"]
[Round "8"]
[White "Frlez, Patricija"]
[Black "Zorko, Zala"]
[Result "1-0"]
[WhiteElo "1500"]
[BlackElo "1500"]
[PlyCount "89"]
[EventDate "2006.02.26"]
[EventType "swiss"]
[EventRounds "9"]
[EventCountry "SLO"]
[SourceTitle "EXT 2009"]
[Source "ChessBase"]
[SourceDate "2008.11.26"]
[SourceVersion "1"]
[SourceVersionDate "2008.11.26"]
[SourceQuality "1"]

1. e4 e5 2. Nf3 Nc6 3. Bc4 Nf6 4. Ng5 d5 5. exd5 Nxd5 6. Qf3 Qxg5 7. Bxd5 Qg6 8. d3 Nd4 9. Qd1 c6 10. Be4 Bf5 11. Bxf5 Nxf5 12. g3 Nd4 13. Be3 Nf5 14. Qe2 Bd6 15. Nd2 0-0 16. 0-0-0 Qe6 17. Rhe1 Qxa2 18. Nc4 Bc7 19. Kd2 b5 20. Ra1 Ba5+ 21. c3 Qxa1 22. Rxa1 bxc4 23. dxc4 Nxe3 24. Qxe3 Bb6 25. c5 Bc7 26. Qe4 Rfd8+ 27. Kc2 Rd5 28. b4 g6 29. Ra6 Rd7 30. Rxc6 a5 31. Rxc7 Rdd8 32. Qxe5 a4 33. Qe7 Rf8 34. Ra7 a3 35. Kb3 Rae8 36. Qf6 Ra8 37. Rxa3 Rxa3+ 38. Kxa3 Rc8 39. Qa6 Rd8 40. c6 Rd6 41. Qb7 Rd3 42. Kb3 Kg7 43. c7 Rd7 44. c8Q Rxb7 45. Qxb7 1-0

[Event "SLO-ch U14 Girls"]
[Site "Sentjur"]
[Date "2005.03.02"]
[Round "6"]
[White "Seruga, Vanja"]
[Black "Frlez, Patricija"]
[Result "1/2-1/2"]
[WhiteElo "1500"]
[BlackElo "1500"]
[PlyCount "115"]
[EventDate "2005.02.26"]
[EventType "tourn"]
[EventRounds "9"]
[EventCountry "SLO"]
[SourceTitle "CBM 105 Extra"]
[Source "ChessBase"]
[SourceDate "2005.05.01"]
[SourceVersion "1"]
[SourceVersionDate "2005.05.01"]
[SourceQuality "1"]

1. d4 d5 2. Nf3 Nf6 3. Bg5 Bg4 4. Nbd2 Nbd7 5. e3 e6 6. Bd3 c5 7. c4 cxd4 8. exd4 Be7 9. Qb3 b6 10. 0-0 0-0 11. Rac1 h6 12. Bh4 Rc8 13. Rfe1 a5 14. Ne5 dxc4 15. Ndxc4 Rb8 16. Nc6 Qe8 17. Nxb8 Qxb8 18. Ne5 Qd8 19. Nc6 Qe8 20. Bxf6 Bxf6 21. h3 Bh5 22. f4 Bg6 23. Ne5 Nxe5 24. dxe5 Bd8 25. Bxg6 fxg6 26. g3 g5 27. fxg5 Bxg5 28. Rc4 Qf7 29. Qxb6 Qf3 30. Qxe6+ Kh8 31. Rc8 Qf2+ 32. Kh1 Qxe1+ 33. Kh2 Qf2+ 34. Kh1 Rxc8 35. Qxc8+ Kh7 36. Qc6 Qe1+ 37. Kh2 Qxe5 38. Qc2+ Kg8 39. Qc8+ Kf7 40. Qd7+ Be7 41. Qd2 Kg8 42. b3 Bd6 43. Qf2 h5 44. h4 Be7 45. Kg2 g5 46. hxg5 Qxg5 47. Kh2 Bd6 48. Kg2 h4 49. Qd4 Qxg3+ 50. Kf1 h3 51. Qd5+ Kg7 52. Qd4+ Kg6 53. Qe4+ Kg5 54. Qd5+ Qe5 55. Qg8+ Kh4 56. Qh7+ Qh5 57. Qe4+ Kg3 58. Qe1+ 1/2-1/2

[Event "SLO-ch U14 Girls"]
[Site "Sentjur"]
[Date "2005.02.27"]
[Round "2"]
[White "Bucar, Natasa"]
[Black "Frlez, Patricija"]
[Result "1-0"]
[WhiteElo "1607"]
[BlackElo "1500"]
[PlyCount "73"]
[EventDate "2005.02.26"]
[EventType "tourn"]
[EventRounds "9"]
[EventCountry "SLO"]
[SourceTitle "CBM 105 Extra"]
[Source "ChessBase"]
[SourceDate "2005.05.01"]
[SourceVersion "1"]
[SourceVersionDate "2005.05.01"]
[SourceQuality "1"]

1. e4 e5 2. Nf3 Nc6 3. d4 exd4 4. Nxd4 Qe7 5. Nc3 Nf6 6. Nxc6 dxc6 7. Bd3 Bf5 8. 0-0 Bg6 9. Bg5 0-0-0 10. Qe2 Qe5 11. f4 Qc5+ 12. Kh1 Be7 13. Bxf6 Bxf6 14. f5 Bxc3 15. bxc3 Qxc3 16. fxg6 hxg6 17. Qf2 Qe5 18. Qf4 Qh5 19. Rf3 g5 20. Qf5+ Kb8 21. Rh3 g6 22. Qf6 Qxh3 23. gxh3 a6 24. Qxf7 Rxh3 25. Rb1 b5 26. Kg2 Rdh8 27. Rh1 g4 28. Qd7 R3h4 29. Qxc6 g3 30. Kxg3 Rh3+ 31. Kg2 g5 32. Qxa6 g4 33. Bxb5 R8h6 34. Bc6 Rxc6 35. Qxc6 Ra3 36. Rb1+ Kc8 37. Qe8# 1-0

[Event "SLO-chT2 West"]
[Site "Kranj"]
[Date "2004.10.16"]
[Round "2.5"]
[White "Nadvesnik, Matej"]
[Black "Frlez, Patricija"]
[Result "1-0"]
[WhiteElo "1538"]
[BlackElo "1500"]
[PlyCount "69"]
[EventDate "2004.10.15"]
[EventType "team"]
[EventRounds "3"]
[EventCountry "SLO"]
[SourceTitle "EXT 2009"]
[Source "ChessBase"]
[SourceDate "2008.11.26"]
[SourceVersion "1"]
[SourceVersionDate "2008.11.26"]
[SourceQuality "1"]

1. e4 e5 2. Nf3 Nc6 3. Bc4 Nf6 4. d3 d6 5. h3 Be6 6. Bb3 d5 7. exd5 Nxd5 8. 0-0 Bc5 9. Ba4 Qf6 10. Re1 0-0 11. Bxc6 bxc6 12. Rxe5 Bd6 13. Bg5 Bxe5 14. Bxf6 Bxf6 15. c3 Rfd8 16. d4 c5 17. Nbd2 cxd4 18. Nxd4 Bxd4 19. cxd4 Nf4 20. Nf3 c5 21. Qd2 Ng6 22. b3 Rd5 23. Rd1 Rad8 24. Qc3 Nf4 25. Qe3 Ng6 26. Rd2 h6 27. dxc5 Rxd2 28. Nxd2 Rd5 29. Nf3 Rd1+ 30. Kh2 Kf8 31. c6 Rd8 32. c7 Rc8 33. Qxa7 Ne7 34. Qc5 Kg8 35. Qxe7 1-0

[Event "SLO-ch U12 Girls"]
[Site "Celje"]
[Date "2004.02.25"]
[Round "5"]
[White "Ocepek, Kristina"]
[Black "Frlez, Patricija"]
[Result "1-0"]
[WhiteElo "1500"]
[BlackElo "1500"]
[PlyCount "42"]
[EventDate "2004.02.22"]
[EventType "tourn"]
[EventRounds "7"]
[EventCountry "SLO"]
[SourceTitle "EXT 2008"]
[Source "ChessBase"]
[SourceDate "2007.11.25"]
[SourceVersion "1"]
[SourceVersionDate "2007.11.25"]
[SourceQuality "1"]

1. d4 d6 2. e4 e6 3. Nc3 Nf6 4. Nf3 Qe7 5. Bd3 d5 6. exd5 exd5+ 7. Qe2 Bg4 8. 0-0 Nc6 9. Qxe7+ Bxe7 10. Nb5 0-0-0 11. Ng5 Bh5 12. Bf4 Ne8 13. Nxh7 a6 14. Nc3 Nxd4 15. Rac1 Bd6 16. Bxd6 Rxd6 17. Rfe1 Bg6 18. Bxg6 Rxg6 19. Nxd5 Nd6 20. Ne7+ Kd7 21. Nxg6 fxg6 1-0